| 000 | 01159nam a22002415i 4500 | ||
|---|---|---|---|
| 001 | 154849 | ||
| 003 | ES-MaACL | ||
| 005 | 20250803063057.0 | ||
| 008 | 040712s1869 sp |||| | spa d | ||
| 080 | _a614.21(460) | ||
| 100 | 1 |
_aGuerola, Antonio, _d1817-1901 _eaut _9127601 |
|
| 245 | 1 | 0 |
_aMemoria sobre las ventajas e inconvenientes de los hospitales, de las pequeñas enfermerías y de la hospitalidad domiciliaria : _bpremiada por la Sociedad Económica Barcelonesa de Amigos del País con el accésit en el concurso de 1869 / _cpor Antonio Guerola |
| 260 |
_aMadrid : _b[s.n.], _c1869 _f(Imp. de las Novedades) |
||
| 300 |
_a16 páginas ; _c23 cm |
||
| 650 | 7 |
_aAsistencia hospitalaria _2embne _9173500 |
|
| 650 | 4 |
_aHospitales- _zEspaña _9176243 |
|
| 650 | 4 |
_aAsistencia sanitaria- _zEspaña _910373 |
|
| 710 | 2 |
_aSociedad Económica Barcelonesa de Amigos del País _eisb _9173499 |
|
| 852 | 4 |
_aES-MaACL _cDEPOF _hDonativo de Emilio Huelva _jT-104-F-2 _xEnc. en un vol. facticio _xHolandesa, falto de cub. original _zRegalo de Emilio Huelva |
|
| 942 |
_2udc _cFOLLETOS _n0 |
||
| 999 |
_c154849 _d154849 |
||